00595nam a22001937a 4500999001700000003000400017005001700021008004100038020001500079040002300094050002300117100002000140245012000160260004400280300001100324500001900335650002800354942001900382 c27800d27799OSt20170518104727.0170512b xxu||||| |||| 00| 0 eng d a0393313395 aMMUbengcMMUdMMU aHD 75.6 .S734 1996 aBrown Lester R. aStata of the World 1996:bA worldwatch Institute Report on Progress Toward a Sustainable Society/cLester R. Brown. aNew York:bW W Norton & Company,c1996. a249p.; aIncludes index aState of the world 1996 2lcccLOAN LOAN